British Comedians: Picture Quiz no.9 - Statistics

General Stats
  • This quiz has been taken 133 times
  • The average score is 8 of 20
Answer Stats
Picture Hint Answer % Correct
Jack Whitehall
72%
Catherine Tate
68%
James Acaster
65%
Paul O'Grady
63%
John Bishop
52%
Jimmy Tarbuck
50%
Caroline Aherne
48%
Charlie Brooker
48%
Maisie Adam
45%
Dom Joly
44%
Russ Abbott
42%
Chris McCausland
41%
Chris Barrie
36%
Charlie Drake
32%
Chris Addison
25%
Chris Morris
25%
Holly Walsh
21%
Linda Smith
20%
Please give current stage name John Shuttleworth
15%
Name this double act Nimmo Twins
1%
No matching quizzes found
Score Distribution
Percent of People with Each Score
Percentile by Number Answered
Your Score History
You have not taken this quiz